Realizácia Parížskej klimatickej dohody: národný štát a záujmy

Ciele Parížskej dohody a národné štáty. Závislosť klimatickej politiky štátov od záujmov ekonomických a politických síl a ich konfigurácie.

Gespeichert in:
Bibliographische Detailangaben
1. Verfasser: Kurucz, Milan, 1954-
Format: Buchkapitel
Sprache:Slowakisch
Schlagworte:
Tags: Tag hinzufügen
Keine Tags, Fügen Sie das erste Tag hinzu!

MARC

LEADER 00000naa$a2200000$$$4500
001 0271575
005 20240502074259.9
041 0 |a slo 
044 |a SK 
245 1 0 |a Realizácia Parížskej klimatickej dohody: národný štát a záujmy  |c Milan Kurucz 
520 |a Ciele Parížskej dohody a národné štáty. Závislosť klimatickej politiky štátov od záujmov ekonomických a politických síl a ich konfigurácie. 
610 2 0 |a dohody medzinárodné 
610 2 0 |a prostredie životné 
610 2 0 |a ochrana prostredia životného 
610 2 0 |a zmeny klimatické 
100 1 |a Kurucz, Milan, 1954-